[Event "Oberpfalz-ch M2"]
[Site "Regensburg"]
[Date "2006.04.10"]
[Round "5"]
[White "Depner, Daniel"]
[Black "Muehlbauer, Wolfgang Jr"]
[Result "1-0"]
[WhiteElo "1895"]
[BlackElo "1623"]
[PlyCount "57"]
[EventDate "2006.04.08"]
[EventType "swiss"]
[EventRounds "8"]
[EventCountry "GER"]
[SourceTitle "EXT 2022"]
[Source "ChessBase"]
[SourceDate "2021.10.06"]
[SourceVersion "1"]
[SourceVersionDate "2021.10.06"]
[SourceQuality "1"]

1. e4 e5 2. Nf3 Nc6 3. Bb5 d6 4. d4 exd4 5. Qxd4 Bd7 6. Bxc6 Bxc6 7. Nc3 Nf6 8. Bg5 Be7 9. 0-0-0 h6 10. Bh4 0-0 11. Rhe1 Re8 12. h3 a5 13. g4 Nh7 14. Bxe7 Qxe7 15. Qd2 b6 16. h4 Qf6 17. Nd4 Bd7 18. g5 hxg5 19. hxg5 Qxg5 20. f4 Qe7 21. Rh1 f6 22. Qh2 g5 23. Nd5 Qxe4 24. Qxh7+ Qxh7 25. Nxf6+ Kg7 26. Rxh7+ Kxf6 27. fxg5+ Kxg5 28. Rxd7 Rac8 29. Rf1 1-0